Lézer a csatornában

Elmentve itt :
Bibliográfiai részletek
Szerző: Dobó Balázs
Dokumentumtípus: Cikk
Megjelent: 1978-01-13
Sorozat:Délmagyarország 68 No. 11
Kulcsszavak:vízellátás, csatornázás
Online Access:http://dmarchiv.bibl.u-szeged.hu/103986
LEADER 00453nab a2200157 i 4500
001 delm103986
005 20190520122002.0
008 190520s1978 hu o 0|| hun d
040 |a SZTE Délmagyarország Archívum  |b hun 
041 |a hun 
100 1 |a Dobó Balázs 
245 1 0 |a Lézer a csatornában  |h [elektronikus dokumentum] /  |c  Dobó Balázs 
260 |c 1978-01-13 
300 |a 3 
490 0 |a Délmagyarország  |v 68 No. 11 
695 |a vízellátás, csatornázás